Física, conceptos y aplicaciones

Na minha lista:
Detalhes bibliográficos
Autor principal: Tippens, Paul E (Author)
Formato: Livro
Idioma:espanhol
Publicado em: Ciudad de México,,México. McGraw-Hill, 2011
Edição:Séptima edición revisada
Assuntos:
Acesso em linha:Disponible Online
Tags: Adicionar Tag
Sem tags, seja o primeiro a adicionar uma tag!

MARC

LEADER 00000cam a2200000 a 4500
001 UCF5251
003 CL-VaPUC
005 20210814001314.0
008 130307e20110000MX |||||||||||||||||spa|d
999 |c 350809  |d 350807 
020 |a 9786071504715 
040 |c Pontificia Universidad Católica de Valparaíso 
082 0 4 |a 530 TIP 2011  |2 21 
100 0 |a Tippens, Paul E  |e author  |9 567047 
245 1 0 |a Física, conceptos y aplicaciones 
250 |a Séptima edición revisada 
260 |a Ciudad de México,,México.  |b McGraw-Hill,   |c 2011 
300 |a 782 páginas  
583 |a last modification  |c 20130307 11:37:00  |k Rodrigo Vera 
650 0 |a Física   |9 227844 
650 0 |a Mecánica   |9 260096 
650 0 |a Torsión   |9 266757 
650 0 |a Equilibrio  |2 CL-VaPUC  |9 362780 
650 0 |a Movimiento  |9 322237 
650 0 |a Ley de Newton   |2 CL-VaPUC  |9 350128 
650 0 |a Energía   |9 259431 
650 0 |a Potencia  |2 CL-VaPUC  |9 363223 
650 0 |a Termodinámica   |9 259320 
856 |u http://bibliografiadigital.pucv.cl.pucv.idm.oclc.org/index.php/bibliotecapucv/catalog/book/654  |y Disponible Online  
942 |c BK  |2 ddc 
945 |d 20130307 00:00:00  |a cmena 
952 |0 0  |1 0  |4 0  |6 530_000000000000000_TIP_2011  |7 0  |8 A  |9 454542  |a BIBCUR  |b BIBCUR  |d 2019-11-22  |i 4946790  |l 6  |m 1  |o 530 TIP 2011  |p 4946790  |r 2025-05-09  |s 2025-05-09  |w 2019-11-22  |y BK  |k FIS